00945 a2200133 4500003000400000005001700004008004100021020001800062100001300080245002800093260004600121300001000167520063400177OSt20251210135349.0251210b |||||||| |||| 00| 0 eng d a9780143456551 aGupta A. aThe Hidden Hindu Vol 1  bPenguin Random House Indiac2023aHaryana a317pp a Who is Devdhwaja: Nagendra or Om? Parimal and LSD struggle to trust each other while Nagendra is resurrected from the dead, unharmed and more powerful than ever before. Parashurama and Kripacharya are trapped in the collapsed Om’s past while Vrishkapi is fighting against certain death, which has already consumed Milarepa. Leaving the mighty Ashwatthama clueless, the other immortals are dismantled from all fronts. Where are the remaining words hidden? Will Nagendra find them all and complete the verse, or will the immortals be able to stop him? Unravel the unexpected mystery of the doomed immortals, running out of time.